Factografía: vanguardia y comunicación de masas.
Na minha lista:
| Autor principal: | |
|---|---|
| Outros Autores: | |
| Formato: | Livro |
| Idioma: | espanhol |
| Publicado em: |
Madrid, España:
Abada Editores,
2010.
|
| Colecção: | Lecturas. Historia del Arte y de la Arquitectura.
|
| Assuntos: | |
| Tags: |
Adicionar Tag
Sem tags, seja o primeiro a adicionar uma tag!
|
MARC
| LEADER | 00000nam a2200000 a 4500 | ||
|---|---|---|---|
| 001 | UCG7046 | ||
| 003 | CL-VaPUC | ||
| 005 | 20250321101908.0 | ||
| 008 | 110617e20100000SP |||||||||||||||||spa|d | ||
| 999 | |c 345136 |d 345134 | ||
| 020 | |a 9788496775787 | ||
| 040 | |c Pontificia Universidad Católica de Valparaíso | ||
| 082 | 0 | 4 | |a 709.46 RIO 2010 |2 21 |
| 100 | 0 | |a Río, Víctor del |e autor |9 557580 | |
| 245 | 1 | 0 | |a Factografía: |b vanguardia y comunicación de masas. |
| 260 | |a Madrid, España: |b Abada Editores, |c 2010. | ||
| 300 | |a 235 páginas. | ||
| 490 | 0 | |a Lecturas. |a Historia del Arte y de la Arquitectura. | |
| 500 | |a c.2-c.4. Instituto Arcos 8-1-2025. | ||
| 583 | |a last modification |c 20180502 10:20:54 |k Rodrigo Vera | ||
| 650 | |a Arte y sociedad |z España |9 895739 | ||
| 650 | |a Medios de comunicación de masas |z España |9 895740 | ||
| 700 | |a Marchán Fiz, Simón |e prólogo |9 895741 | ||
| 942 | |c BK |2 ddc |n 0 | ||
| 945 | |d 20110617 00:00:00 |a dcastane | ||
| 952 | |0 0 |1 0 |2 ddc |4 0 |6 709_460000000000000_RIO_2010 |7 0 |8 A |9 443604 |a BIBART |b BIBART |d 2019-11-22 |i 4784502 |o 709.46 RIO 2010 |p 4784502 |r 2025-03-13 |w 2019-11-22 |y BK |k ART | ||
| 952 | |0 0 |1 0 |2 ddc |4 0 |6 709_460000000000000_RIO_2010 |7 0 |8 A |9 599771 |a BIBINC |b BIBINC |d 2025-01-22 |e Instituto Arcos |i 5664734 |o 709.46 RIO 2010 |p 5664734 |r 2025-01-22 |t 2 |w 2025-01-22 |y BK |k IFP | ||
| 952 | |0 0 |1 0 |2 ddc |4 0 |6 709_460000000000000_RIO_2010 |7 0 |8 A |9 599772 |a BIBINC |b BIBINC |d 2025-01-22 |e Instituto Arcos |i 5664735 |o 709.46 RIO 2010 |p 5664735 |r 2025-01-22 |t 3 |w 2025-01-22 |y BK |k IFP | ||
| 952 | |0 0 |1 0 |2 ddc |4 0 |6 709_460000000000000_RIO_2010 |7 0 |8 A |9 599773 |a BIBINC |b BIBINC |d 2025-01-22 |e Instituto Arcos |i 5664736 |o 709.46 RIO 2010 |p 5664736 |r 2025-01-22 |t 4 |w 2025-01-22 |y BK |k IFP | ||